000 15956nas a22001577a 4500
008 210325b th ||||| |||| 00| 0 tha d
022 _a0125068X
041 0 _atha
245 1 0 _aสกุลไทย
310 _aรายสัปดาห์
850 _aNALT
942 _cJNR
997 _c47383
999 _c87383
_d87383